000 00687cam a22002415a 4500
001 L157873
008 130621s2013 xxk f 000 0 eng d
020 _a9781848063259
035 _a(Sirsi) u157873
041 0 _aeng
100 1 _aKing, Stephanie
245 0 0 _aObtrusive light from proposed developments
260 _aWatford : BRE, 2013
300 _a12p.
_bill.
_c30cm.
490 0 _aBRE Digest ; 529 part 2
520 _aDigest outlines how obstructive light can be addressed when a development is proposed.
521 _aKA
650 2 4 _aLight pollution,
651 4 _aENGLAND AND WALES
690 _aLight pollution,
700 1 _aLittlefair, Paul
942 _n0
999 _c115009
_d115009